书目信息 |
| 题名: |
园林绿化300问
|
|
| 作者: | 赵建林 , 刘银萍 , 卢迎辉 编著 | |
| 分册: | ||
| 出版信息: | 郑州 黄河水利出版社 2018.09 |
|
| 页数: | 153页 | |
| 开本: | 28cm | |
| 丛书名: | ||
| 单 册: | ||
| 中图分类: | S731-44 | |
| 科图分类: | ||
| 主题词: | 绿化 | |
| 电子资源: | ||
| ISBN: | 978-7-5509-2145-0 | |
| 000 | 00675nam0 2200217 450 | |
| 001 | 1930136204 | |
| 005 | 20190423110829.51 | |
| 010 | @a978-7-5509-2145-0@dCNY39.00 | |
| 100 | @a20190423d2018 km y0chiy0120 ea | |
| 101 | 0 | @achi |
| 102 | @aCN@b410000 | |
| 200 | 1 | @a园林绿化300问@Ayuan lin lu hua 300 wen@f赵建林,刘银萍,卢迎辉编著@Fzhao jian lin,liu yin ping,lu ying hui bian zhu |
| 210 | @a郑州@c黄河水利出版社@d2018.09 | |
| 215 | @a153页@d28cm | |
| 606 | 0 | @a绿化 |
| 690 | @aS731-44@v4 | |
| 701 | 0 | @a赵建林@Azhao jian lin@4编著 |
| 701 | 0 | @a刘银萍@Aliu yin ping@4编著 |
| 701 | 0 | @a卢迎辉@Alu ying hui@4编著 |
| 801 | 0 | @aCN@bMUSE@c20190423 |
| 905 | @aMUSE@dS731-44@eZ303 | |
| 园林绿化300问/赵建林,刘银萍,卢迎辉编著.-郑州:黄河水利出版社,2018.09 |
| 153页;28cm |
| ISBN 978-7-5509-2145-0:CNY39.00 |
| ● |
| 相关链接 |
|
|
|
正题名:园林绿化300问
索取号:S731-44/Z303
 
预约/预借
| 序号 | 登录号 | 条形码 | 馆藏地/架位号 | 状态 | 备注 |
| 1 | 1244965 | 212449652 | 建筑与城市规划学院资料室/ [索取号:S731-44/Z303] | 在馆 | |
| 2 | 1244966 | 212449661 | 建筑与城市规划学院资料室/ [索取号:S731-44/Z303] | 在馆 | |
| 3 | 1244967 | 212449670 | 建筑与城市规划学院资料室/ [索取号:S731-44/Z303] | 在馆 | |
| 4 | 1244968 | 212449689 | 建筑与城市规划学院资料室/ [索取号:S731-44/Z303] | 在馆 | |
| 5 | 1244969 | 212449698 | 建筑与城市规划学院资料室/ [索取号:S731-44/Z303] | 在馆 | |
| 6 | 1244970 | 212449705 | 建筑与城市规划学院资料室/ [索取号:S731-44/Z303] | 在馆 | |
| 7 | 1244971 | 212449714 | 建筑与城市规划学院资料室/ [索取号:S731-44/Z303] | 在馆 | |
| 8 | 1244972 | 212449723 | 建筑与城市规划学院资料室/ [索取号:S731-44/Z303] | 在馆 | |
| 9 | 1244973 | 212449732 | 建筑与城市规划学院资料室/ [索取号:S731-44/Z303] | 在馆 | |
| 10 | 1244974 | 212449741 | 建筑与城市规划学院资料室/ [索取号:S731-44/Z303] | 在馆 |